• 首页
  • 本馆介绍
  • 公告通知
  • 最新文献
  • 馆藏检索
  • 电子资源
  • 读者导购
  • 参考咨询
  • 我的图书馆
  • 登录
  • 详细信息显示
  • 放入我的书架
  • 预约/预借图书
  • 作者相关作品
  • 分类相关作品
  • 丛书相关作品
  • 出版社相关作品

书目信息

  • 表格格式
  • 工作单格式
  • 卡片格式
题名:
数控开线机
    
 
作者: ;国营江宁机械厂 编
分册:  
出版信息: 北京   国防工业出版社  1978
页数: 26页
开本: 20cm
丛书名:
单 册:
中图分类: TN99
科图分类:
主题词: 导线-数控线切割-机械 , 数控线切割-导线-机械 , 机械-数控线切割-导线 , 无线电电子学--应用 , 医用电子学 , 海洋电子学
电子资源:
ISBN:
000 00820nam0 2200289 45
001 0178001749
005 20060529090634.14
010    @dCNY0.18
091    @a15034.1681
100    @a19950801d1978 em y0chiy0121 ea
101 0  @achi
102    @aCN@b110000
105    @ay z 000yy
200 10 @a数控开线机@Ashu kong kai xian ji@f国营江宁机械厂编@Fguo ying jiang ning ji xie chang bian
210    @a北京@c国防工业出版社@d1978
215    @a26页@d20cm
300    @a国内发行
606    @a导线-数控线切割-机械
606    @a数控线切割-导线-机械
606    @a机械-数控线切割-导线
606 0  @a无线电电子学@x应用
606 0  @a医用电子学
606 0  @a海洋电子学
690    @aTN99@v4
711 02 @a国营江宁机械厂@Aguo ying jiang ning ji xie chang@4编
801  0 @aCN@bTSSF@c20060529
905    @a10447@dTN99@e1
    
    数控开线机/国营江宁机械厂编.-北京:国防工业出版社,1978
    26页;20cm
    国内发行
    
    ISBN :CNY0.18
    
●
相关链接 在E读中查询图书 在五车中查询图书 在当当中查询图书 在豆瓣中查询图书


正题名:数控开线机     索取号:TN99/1         预约/预借

序号 登录号 条形码 馆藏地/架位号 状态 备注
1 0012039   202388326   密集书库/ [索取号:TN99/1] 在馆    
唐山师范学院图书馆 欢迎您!
大连网信软件有限公司© 版权所有